Quizzes
Events
Quiz Creation
Community
Videos
Private Events
Remove Ads
Sign In
Join for FREE
Feedback
Dark Mode
Quiz Categories
Sports
Geography
Music
Movies
Television
Just For Fun
Miscellaneous
History
Literature
Language
Science
Gaming
Entertainment
Religion
Holiday
For Kids
Quiz Lab
Recent
Popular Today
Quiz Kudos Today
Editor Picks
Curator Picks
Quizzes by...
Day
Popularity
Type
Ratings
Length
Year
Community
Subscriptions
Recent Discussions
Orange Saloon
Badges
Playlists
Quests
Create
Leaderboards
Showdown
Live 5
Trivia Bingo
Activity
Puzzle Library
Sporcle Events
Private Events
Virtual Trivia
Globe League
Become a Host
Pub Owners
SporcleCon
Opinionation
Our Games
Videos
Blog
Mobile Apps
Partnerships
Remove Ads and Go Orange
Feedback
Geography
Country
Landmarks
City
State
Population
World
Capital
Continent
Flags
Europe
Africa
Asia
South America
North America
Oceania
Border
Canada
United Kingdom
Topography
United States
Geography
Country
Landmarks
City
State
Population
World
Capital
Continent
Flags
Europe
Africa
Asia
South America
North America
Oceania
Border
Canada
United Kingdom
Topography
United States
Random Quiz
Search Sporcle
×
Quiz Lab
Quiz Lab
Geography
Population
Type in answers that appear in a list
Type in answers that appear in a list
Classic
Best Score? Go Orange.
Cities of the Great Lakes Stats
Can you name the Cities of the Great Lakes?
By
Envy
6m
29 Questions
429 Plays
429 Plays
429 Plays
Comments
Comments
Give Quiz Kudos
Give Quiz Kudos
-
- Ratings
hide this ad
Replay
Link that replays current quiz
Next Quiz
Link to next quiz in quiz playlist
You Got
0%
They Got
Avg Score
44%
Avg Friend Score
Upgrade to see
Score Distribution
Jump to the score distribution portion of the page
Score
0/29
Timer
06:00
0
Plays Today
Lake
City
% Correct
Erie
Toledo, Ohio
83.2%
Erie
Buffalo, New York
78.8%
Erie
Cleveland, Ohio
72.3%
Superior
Duluth, Minnesota
66.4%
Ontario
Pickering, Ontario
66%
Ontario
Hamilton, Ontario
56.4%
Ontario
Mississauga, Ontario
54.5%
Superior
Thunder Bay, Ontario
51%
Michigan
Chicago, Illinois
46.6%
Ontario
Toronto, Ontario
43.6%
Michigan
Gary, Indiana
36.6%
Michigan
Green Bay, Wisconsin
32.6%
Michigan
Milwaukee, Wisconsin
32.4%
Ontario
Rochester, New York
31.5%
Huron
Sarnia, Ontario
29.8%
Lake
City
% Correct
Erie
Erie, Pennsylvania
28.4%
Ontario
St. Catharines, Ontario
27.7%
Ontario
Oshawa, Ontario
24.9%
Ontario
Burlington, Ontario
21%
Erie
Mentor, Ohio
17.5%
Ontario
Kingston, Ontario
14.5%
Michigan
Kenosha, Wisconsin
13.8%
Michigan
Racine, Wisconsin
12.8%
Erie
Lorain, Ohio
10.3%
Erie
Euclid, Ohio
9.3%
Michigan
Evanston, Illinois
8.9%
Michigan
Waukegan, Illinois
8.6%
Michigan
Hammond, Indiana
6.8%
Michigan
Sheboygan, Wisconsin
6.1%
Quiz Playlist
Details
Report
Send in Message
Add To Playlist
Classic:
Type in answers that appear in a list
Quiz Source
Last Updated: Feb 16, 2017
Quiz Scoreboard
CHALLENGE
Sign Up to Join the Scoreboard
Show All
Scores
Hide
Comments
May contain spoilers
Recently Published
Billboard Blitz: Fleetwood Mac
by CooCooCachoo
Music
15s
Presidents Visiting Landmarks
by Hejman
History
7m
An Introduction to Baseball
by treessimontrees
Sports
5m
More to Explore
Quiz From the Vault
Featured Blog Post
Where Did the Easter Bunny Come From?
hide this ad
You Might Also Like...
Tags
City Quiz
Population Quiz
Topography Quiz
Great Lakes
lake
Today's Top Quizzes in Geography
Browse Geography
hide this ad
Today's Top Quizzes in Population
Browse Population
Top Contributed Quizzes in Geography
1
Countries of the World - No Outlines Minefield
2
Top 25 Cities of France on a map
3
Any capital of a 'B' country per Continent
4
Any capital of a 'C' country per Continent
5
Closest Countries to UK A-Z
6
Any capital of a 'D' country per Continent
7
5-to-1: US Geography No Hints
8
One Thing in Common: United Kingdom
9
Any capital of an 'E' country per Continent
10
Any capital of an 'F' country per Continent
Explore More
Trending Topics
Disney
Harry Potter
Kpop
Crossword
Anime
NBA
Marvel
NFL
Soccer
Country
Puzzle
The Office
Song
WWE
Pokémon
hide this ad
More By:
Envy
Quiz
Plays
Rating
Category
Featured
Created
Largest Cities of the Caribbean
507
2.80
Geography
Nov 19, 2009
Cities of the Great Lakes
429
4.00
Geography
Jun 14, 2010
Largest 4-letter World Urban Areas
365
4.43
Geography
Nov 24, 2009
Rhode Island's Largest Cities and Towns
300
5.00
Geography
Oct 9, 2009
Cradle of Filth Songs
210
5.00
Music
Oct 13, 2009
Go to Creator's Profile
Score Distribution
Quiz Creator Spotlight
Envy
Follow
Send a Message
Quizzes Created
-
Created Quiz Play Count
-
More By This Creator
Popular Quizzes Today
1
Find the US States - No Outlines Minefield
2
Find the Countries of Europe - No Outlines Minefield
3
The Countries of the World
4
Find the US States
5
US States
6
Risky Map Clicking: Biggest States A-Z
7
Popular People in 1961
8
Movies - When Are They Set?
More Geography Quizzes
60 Second Blitz: South and North America
Published
Trending Quizzes
Risky Map Clicking: Least Populous States A-Z
1-10 Letter G Words
1-10 Letter F Words
Risky Map Clicking: Next State Alphabetically
Risky Map Clicking: Biggest States A-Z
Recently Updated
Leaping Animals
pecheneg
Reality TV Shows (A-Z)
bhenderson79
Rickey Henderson's Hall of Fame Teammates
pecheneg
Champions League XIs: Arsenal
pecheneg
Quick Pick: Celebrities in WWE's Hall of Fame
aduchscher
A-Z Keypad Blitz II
pecheneg
Multiple Oscar Actors
pecheneg
Mystery Phrase Blitz: Oscar 'Best Actors'
pecheneg
F. Scott Fitzgerald Novels
LTH
Pick 3 Villains
ddd62291
Trending Topics
Crossword
Disney
Marvel
NBA
Anime
Harry Potter
Kpop
Song
NFL
Soccer
Pokémon
Puzzle
Country
The Office
WWE
Your Account Isn't Verified!
In order to create a playlist on Sporcle, you need to verify the email address you used during registration. Go to your
Sporcle Settings
to finish the process.
Report this User
Report this user for behavior that violates our
Community Guidelines
.
Details:
Send Report
Go to the Sporcle.com Mobile Site →
Comments